Language Quiz

Random Language or Food Quiz

Fruits in Spanish Quiz Stats

 Plays Quiz Updated Feb 5, 2018

Also try: Spanish: Colors
Challenge
Share
Tweet
Score 0/38 Timer 07:00
3 Plays Today
% Correct
Kiwi
87.9%
Plátano
87.6%
Limón
81.9%
Piña
81.1%
Coco
80%
Lima
79.7%
Naranja
77.2%
Mango
75.7%
Melón verde
74.9%
Melón
73.6%
Pera
73%
Arándano azul
69.9%
Papaya
68.9%
Fresa
66.5%
Manzana
62.9%
Uva
60.7%
Naranja Sanguina
60.3%
Frambuesa
54.1%
Litchi
52.1%
% Correct
Almendra
46.7%
Cereza
46.2%
Carambola
38.9%
Sandía
37.6%
Guayaba
36.3%
Granada
35.5%
Pomelo
34%
Castaña
29.9%
Albaricoque
29.5%
Membrillo
29%
Mora
27.5%
Ciruela
25.3%
Avellana
25.1%
Pitahaya
24%
Durazno
23.9%
Caqui
23.1%
Maracuyá
22.6%
Grosella
22.3%
Kiwano
20.9%

You're not logged in!

Compare scores with friends on all Sporcle quizzes.
OR
Log In

You Might Also Like...

Show Comments

Extras

Top Quizzes Today


Score Distribution

Your Account Isn't Verified!

In order to create a playlist on Sporcle, you need to verify the email address you used during registration. Go to your Sporcle Settings to finish the process.

Report this User

Report this user for behavior that violates our Community Guidelines.

Details: